000 00531nam a2200217Ia 4500
003 OSt
005 20220918191903.0
006 a|||||r|||| 00| 0
007 ta
008 220917b |||||||| |||| 00| 0 eng d
024 _a65,650
037 _cTextual
040 _aARTS
_cARTS
_beng
041 _2eng
_aeng
082 _aR3v5:H, H6
100 _aCarre Meyrick H
_977525
245 0 _aRealists and nominalists
260 _c1946
942 _hR3v5:H, H6
_cTEXL
_2CC
999 _c191893
_d191893